| Поле | Инд. | ПП | Название | Значение |
|---|---|---|---|---|
| Тип записи | a | |||
| Библиографический уровень | m | |||
| 001 | Контрольный номер | 725f47ed-6ca1-4372-97c7-764985be5016 | ||
| 005 | Дата корректировки | 20250826102333.8 | ||
| 008 | Кодируемые данные | 070608 | ||
| 020 | a | ISBN | 0-19-927118-6 | |
| c | Цена, тираж | 1388.64 | ||
| 040 | a | Служба первич. каталог. | НБ ТвГУ | |
| 041 | 0_ | a | Код языка текста | eng |
| 080 | a | Индекс УДК | 327(100) | |
| 084 | a | Индекс другой классификации/Индекс ББК | Ф4(0),3 | |
| 090 | x | Авторский знак | G54 | |
| a | Полочн. индекс | Ф4(0),3 | ||
| 245 | 10 | a | Заглавие | The globalization of world politics |
| b | Продолж. заглавия | an introd. to intern. relations | ||
| c | Ответственность | ed. by John Baylis and Steve Smith | ||
| 250 | a | Основные сведения об издании | 3rd ed. | |
| 260 | 0_ | a | Место издания | Oxford |
| b | Издательство | Oxford university press | ||
| c | Дата издания | 2006 | ||
| 300 | a | Объем | XXXVII, 811 p. | |
| c | Размеры | 25 cm | ||
| 500 | a | Примечание | НАСТОЯЩИЙ МАТЕРИАЛ (ИНФОРМАЦИЯ) ПРОИЗВЕДЕН, РАСПРОСТРАНЕН И (ИЛИ) НАПРАВЛЕН ИНОСТРАННЫМ АГЕНТОМ, ЯВЛЯЮЩИМСЯ УЧРЕДИТЕЛЕМ (ЧЛЕНОМ, УЧАСТНИКОМ, РУКОВОДИТЕЛЕМ ИЛИ ЛИЦОМ, ВХОДЯЩИМ В СОСТАВ ОРГАНА ЛИЦ УКАЗАНЫХ В ЧАСТИ 4 СТАТЬИ 9 ФЕДЕРАЛЬНОГО ЗАКОНА «О КОНТРОЛЕ ЗА ДЕЯТЕЛЬНОСТЬЮ ЛИЦ, НАХОДЯЩИХСЯ ПОД ИНОСТРАННЫМ ВЛИЯНИЕМ») ВКЛЮЧЕННОГО В РЕЕСТР ИНОСТРАННЫХ АГЕНТОВ | |
| 504 | a | Библиография | Bibliogr.: p. 743-768.- Ind.: p. 783-811. | |
| 583 | a | Действие | Получение впервые 135 08.06.2007 | |
| k | Исполнитель действия | Дар Оксфордско-Российского Фонда | ||
| 650 | 04 | a | Основная рубрика | Международные отношения |
| 650 | 04 | a | Основная рубрика | Мировая политика |
| y | Хронологическая подрубрика | 1989-2001 гг. | ||
| 653 | 0_ | a | Ключевые слова | Мировая политика |
| a | Ключевые слова | Международные отношения | ||
| a | Ключевые слова | Внешняя политика | ||
| a | Ключевые слова | Оксфордско-Российский фонд | ||
| 700 | 1_ | a | Другие авторы | Baylis John |
| e | Роль лиц | ed. | ||
| 700 | 1_ | a | Другие авторы | Smith Steve |
| e | Роль лиц | ed. | ||
| 852 | 41 | t | Порядковый номер экземпляра | 1 |
| p | Инвентарный номер | 876996 | ||
| 863 | t | 00176005 | ||
| 888 | a | Бесплатные | ||
| 930 | a | Новая/Ретро | иностр | |
| a | Новая/Ретро | англ | ||
| 952 | p | 135.2007 1388.64 1 876996 | ||
| c | Вид литературы | К ин | ||
| 954 | a | Дата поступления на обработку | 20070619 | |
| 999 | a | Подразделение 2 | ч.з. |